Normal view
MARC view
- السعدون، حميد حمد
Entry Personal Name
001 - CONTROL NUMBER
- control field: 7972
003 - CONTROL NUMBER IDENTIFIER
- control field: JO-AjAnu
005 - DATE AND TIME OF LATEST TRANSACTION
- control field: 20230606071604.0
008 - FIXED-LENGTH DATA ELEMENTS
- fixed length control field: 230606|| aca||aabn | a|a d
040 ## - CATALOGING SOURCE
- Original cataloging agency: JO-AjAnu
- Transcribing agency: JO-AjAnu
100 ## - HEADING--PERSONAL NAME
- Personal name: السعدون، حميد حمد
670 ## - SOURCE DATA FOUND
- Source citation: Work cat.: (JO-AjAnu)4117: السعدون، حميد حمد, author, فوضوية النظام العالمي الجديد واثارة على النظام الإقليمي العربي